| 000 | 01177nam a2200253 i 4500 | ||
|---|---|---|---|
| 001 | 167152 | ||
| 003 | ES-MaACL | ||
| 005 | 20230906213453.0 | ||
| 008 | 050927s1865 xxu d |||| | eng d | ||
| 100 | 1 |
_aVelázquez de la Cadena, Mariano. _9133610 |
|
| 245 | 1 | 2 |
_aA pronouncing dictionary of the Spanish and English languages _b: composed from the Spanish dictionaries of the Spanish Academy, Terreros and Salvá... / _cby Mariano Velazquez de la Cadena. |
| 260 |
_aNew York : _bD. Appleton and Company, _c1865. |
||
| 300 |
_a2 t. en 1 v. (XVI, 675; XV, 602 p.) ; _c25 cm. |
||
| 490 | 1 | _aSeone's Neuman and Baretti by Velazquez | |
| 505 | 8 |
_aContiene: I ; _tSpanish-English - II ; _tEnglish-Spanish |
|
| 597 | _aCada parte con port. propia, la 2ª en español. | ||
| 650 | 0 | 4 |
_aLengua inglesa- _xPronunciación. _914284 |
| 650 | 0 | 4 |
_aLengua inglesa- _vDiccionarios- _xEspañol. _914270 |
| 650 | 0 | 4 |
_aLengua española- _xPronunciación. _914179 |
| 650 | 0 | 4 |
_aLengua española- _vDiccionarios- _xInglés. _914142 |
| 830 | 0 |
_aSeone's Neuman and Baretti by Velazquez _9222601 |
|
| 852 |
_aES-MaACL _jC-1922 _z- Enc. hol. _z. - Legado M. de la Fuente |
||
| 999 |
_c167152 _d167152 |
||